[Event "Mecklenburg VP-ch U12 Girls"]
[Site "Malchow"]
[Date "2018.02.07"]
[Round "2.3"]
[White "Boettner, Hannah"]
[Black "Othman, Haya"]
[Result "1-0"]
[WhiteElo "801"]
[BlackElo "760"]
[PlyCount "31"]
[EventDate "2018.02.07"]
[EventType "swiss"]
[EventRounds "7"]
[EventCountry "GER"]
[SourceTitle "EXT 2022"]
[Source "ChessBase"]
[SourceDate "2021.10.06"]
[SourceVersion "1"]
[SourceVersionDate "2021.10.06"]
[SourceQuality "1"]

1. e4 e5 2. Nf3 Nc6 3. Bc4 Bc5 4. 0-0 Nf6 5. Nc3 0-0 6. d3 h6 7. Bd2 d6 8. h3 Be6 9. Nh4 d5 10. Bxd5 Bxd5 11. exd5 Nxd5 12. Nf5 Nd4 13. Nxh6+ gxh6 14. Bxh6 Re8 15. Qg4+ Kh8 16. Qg7# 1-0